Statistiques concernant Les 50 plus grosses ventes de Manchester united

Cliquez ici pour prendre le quiz!

Statistiques générales

  • Ce quiz a été pris 66 fois
    (6 depuis la dernière actualisation)
  • Le résultat moyen est 13 sur 50

Statistiques - réponses

AnnéeClubMontantNationalitéPosteRéponse% Correct
2015/16PSG63 millionsArgentineAttaquantDi Maria
100%
2019/20Inter Milan74 millionsBelgiqueAttaquantLukaku
100%
2009/10Real Madrid94 millionsPortugalAttaquantRonaldo
100%
2003/04Real Madrid37.5 millionsAngleterreMilieuBeckham
67%
2021/22Leeds29.1 millionsPays de GallesAttaquantJames
67%
2017/18Arsenal34 millionsArménieMilieuMkhitaryan
67%
2003/04Chelsea21.8 millionsArgentineMilieuVeron
67%
2016/17OL16 millionsPays-BasAttaquantDepay
50%
2007/08Real Madrid12 millionsArgentineDéfenseurHeinze
50%
2016/17Everton23 millionsFranceMilieuSchneiderlin
50%
2018/19Ajax16 millionsPays-BasDéfenseurBlind
33%
2023/24Nottingham Forest17.5 millionsSuèdeAttaquantElanga
33%
2015/16West Brom8.3 millionsIrlande du NordDefenseurEvans
33%
2015/16Bayer Leverkusen12 millionsMexiqueAttaquantHernandez
33%
2007/08Everton4.2 millionsEtats-UnisGardienHoward
33%
2017/18Real Sociedad8.5 millionsBelgiqueAttaquantJanuzaj
33%
2022/23Fulham9.5 millionsBrésilMilieuPereira
33%
2020/21Rome15 millionsAngleterreDéfenseurSmalling
33%
2006/07Real Madrid15 millionsPays-BasAttaquantVan Nistelrooy
33%
2014/15Arsenal20 millionsAngleterreAttaquantWelbeck
33%
2012/13Fulham5 millionsBulgarieAttaquantBerbatov
17%
2001/02Blackburn12.2 millionsAngleterreAttaquantCole
17%
2018/19Luneng7.2 millionsBelgiqueMilieuFellaini
17%
2023/24Fenerbahce9.74 millionsBrésilMilieuFred
17%
2023/24Everton10.4 millionsAngleterreMilieuGarner
17%
2023/24Crystal Palace17.5 millionsAngleterreGardienHenderson
17%
2018/19West Brom7.35 millionsAngleterreGardienJohnstone
17%
2014/15Dortmund8 millionsJaponMilieuKagawa
17%
2023/24Bayer Leverkusen5 millionsRépublique TchèqueGardienKovar
17%
2005/06Everton5.3 millionsAngleterreDefenseurNeville
17%
2008/09Barcelone5 millionsEspagneDefenseurPique
17%
2001/02Lazio Rome25.75 millionsPays-BasDéfenseurStam
17%
2023/24Al-Nassr4.6 millionsBrésilDéfenseurTelles
17%
2002/03Blackburn3.5 millionsTrinité-et-TobagoAttaquantYorke
17%
2014/15Crystal Palace3.8 millionsCôte d'IvoireAttaquantZaha
17%
2004/05Newcastle3.75 millionsAngleterreMilieuButt
0%
2014/15Dynamo Moscou5.5 millionsPays-BasDefenseurButtner
0%
2009/10Sunderland4.1 millionsAngleterreAttaquantCampbell
0%
2010/11Birmingham7 millionsAngleterreGardienFoster
0%
1995/96Inter Milan10.5 millionsAngleterreMilieuInce
0%
1995/96Everton7.5 millionsRussieMilieuKanchelskis
0%
2016/17Sunderland5.25 millionsAngleterreDefenseurMcNair
0%
2015/16Fenerbahce6 millionsPortugalAttaquantNani
0%
2011/12Sunderland4.5 millionsIrlandeDefenseurO'Shea
0%
2007/08Sunderland8.2 millionsAngleterreDefenseurRichardson
0%
2007/08Villarreal10 millionsItalieAttaquantRossi
0%
1996/97Leeds6.75 millionsAngleterreMilieuSharpe
0%
2007/08Newcastle9 millionsAngleterreMilieuSmith
0%
2010/11CSKA Moscou9.5 millionsSerbeAttaquantTosic
0%
2015/16Fenerbahce6.5 millionsPays-BasAttaquantVan Persie
0%

Distribution des résultats

Percentile par nombre de réponses

% des personnes avec chaque résultat

Votre développement - résultats

Vous n’avez pas pris ce quiz depuis la dernière actualisation